Chú thích ảnh tự động sử dụng phân tích tương ứng : Luận văn Thạc sĩ Công nghệ thông tin. Chuyên ngành Hệ thống thông tin
Đề tài nghiên cứu phương pháp chú thích ảnh tự động (gán nhãn tự động cho ảnh) sử dụng phương pháp phân tích tương ứng được giới thiệu bởi Jean-Paul Benzécri.
Enregistré dans:
| Auteur principal: | |
|---|---|
| Format: | Livre |
| Langue: | Undetermined |
| Publié: |
Cần Thơ
Trường Đại học Cần Thơ
2015
|
| Sujets: | |
| Tags: |
Ajouter un tag
Pas de tags, Soyez le premier à ajouter un tag!
|
| Thư viện lưu trữ: | Trung tâm Học liệu Trường Đại học Cần Thơ |
|---|
| LEADER | 01097nam a2200205Ia 4500 | ||
|---|---|---|---|
| 001 | CTU_203597 | ||
| 008 | 210402s9999 xx 000 0 und d | ||
| 082 | |a 006.42 | ||
| 082 | |b Đ110 | ||
| 100 | |a Quách, Nguyễn Đạt | ||
| 245 | 0 | |a Chú thích ảnh tự động sử dụng phân tích tương ứng : | |
| 245 | 0 | |b Luận văn Thạc sĩ Công nghệ thông tin. Chuyên ngành Hệ thống thông tin | |
| 245 | 0 | |c Quách Nguyễn Đạt ; Đỗ Thanh Nghị, Phạm Nguyên Khang (Hướng dẫn khoa học) | |
| 260 | |a Cần Thơ | ||
| 260 | |b Trường Đại học Cần Thơ | ||
| 260 | |c 2015 | ||
| 520 | |a Đề tài nghiên cứu phương pháp chú thích ảnh tự động (gán nhãn tự động cho ảnh) sử dụng phương pháp phân tích tương ứng được giới thiệu bởi Jean-Paul Benzécri. | ||
| 650 | |a Hệ thống tài liệu hình ảnh,Document imaging systems | ||
| 904 | |i Hải | ||
| 980 | |a Trung tâm Học liệu Trường Đại học Cần Thơ | ||